Thành Cát Tư Hãn /

Đã lưu trong:
Sonraí Bibleagrafaíochta
Príomhúdar: Nguyễn Trọng Khanh
Formáid: Sách giấy
Teanga:Vietnamese
Foilsithe: Sàigòn : Trí Đăng , 1972
Clibeanna: Cuir Clib Leis
Gan Chlibeanna, Bí ar an gcéad duine leis an taifead seo a chlibeáil!
Thư viện lưu trữ: Thư viện Trường Đại học Đà Lạt
LEADER 00580nam a2200253 4500
001 DLU020012411
005 ##5/25/2000
020 # # |a 978- 
041 # # |a vie 
082 # # |a 923.1  |b NG-K 
090 # # |a 923.1  |b NG-K 
100 # # |a Nguyễn Trọng Khanh 
245 # # |a Thành Cát Tư Hãn /  |c Nguyễn Trọng Khanh 
260 # # |a Sàigòn :  |b Trí Đăng ,  |c 1972 
300 # # |a 261 tr.;   |c 19 cm. 
992 # # |a 261 
994 # # |a DLU 
900 # # |a False 
911 # # |a Administrator 
925 # # |a G 
926 # # |a A 
927 # # |a SH 
980 # # |a Thư viện Trường Đại học Đà Lạt